Growing in the word : (Record no. 510)
[ view plain ]
| 000 -LEADER | |
|---|---|
| fixed length control field | 00963cam a2200301 a 4500 |
| 001 - CONTROL NUMBER | |
| control field | 135694 |
| 003 - CONTROL NUMBER IDENTIFIER | |
| control field | GBCCL |
| 005 - DATE AND TIME OF LATEST TRANSACTION | |
| control field | 20241126110339.0 |
| 008 - FIXED-LENGTH DATA ELEMENTS--GENERAL INFORMATION | |
| fixed length control field | 830131s1982 njua 000 0 eng d |
| 020 ## - INTERNATIONAL STANDARD BOOK NUMBER | |
| International Standard Book Number | 0800784480 |
| 020 ## - INTERNATIONAL STANDARD BOOK NUMBER | |
| International Standard Book Number | 9780800784485 |
| 035 ## - SYSTEM CONTROL NUMBER | |
| System control number | (OCoLC)ocm09176581 |
| 035 ## - SYSTEM CONTROL NUMBER | |
| System control number | (OCoLC)9176581 |
| 040 ## - CATALOGING SOURCE | |
| Original cataloging agency | TBI |
| Transcribing agency | TBI |
| Modifying agency | VFY |
| -- | OCLCQ |
| -- | RFT |
| -- | OCLCQ |
| -- | NZABI |
| -- | OCLCG |
| -- | LBB |
| 049 ## - | |
| -- | LBBK |
| 082 04 - DEWEY DECIMAL CLASSIFICATION NUMBER | |
| Classification number | 248.4 |
| -- | 220.07 |
| Edition information | 21 |
| Item number | COL |
| 090 ## - LOCALLY ASSIGNED LC-TYPE CALL NUMBER (OCLC); LOCAL CALL NUMBER (RLIN) | |
| Classification number (OCLC) (R) ; Classification number, CALL (RLIN) (NR) | BS605.2 |
| Local cutter number (OCLC) ; Book number/undivided call number, CALL (RLIN) | .C64 |
| 100 1# - MAIN ENTRY--PERSONAL NAME | |
| Personal name | Coleman, Robert Emerson, |
| Dates associated with a name | 1928- |
| 245 10 - TITLE STATEMENT | |
| Title | Growing in the word : |
| Remainder of title | Bible lessons for growing Christians. |
| 260 ## - PUBLICATION, DISTRIBUTION, ETC. | |
| Place of publication, distribution, etc. | Old Tappan, N.J. : |
| Name of publisher, distributor, etc. | Revell, |
| Date of publication, distribution, etc. | c1982. |
| 300 ## - PHYSICAL DESCRIPTION | |
| Extent | 266 p. : |
| Other physical details | ill. ; |
| Dimensions | 18 cm. |
| 490 0# - SERIES STATEMENT | |
| Series statement | Spire books |
| 500 ## - GENERAL NOTE | |
| General note | Includes : Established by the Word, Life in the Living Word and the Spirit and the Word. |
| 520 ## - SUMMARY, ETC. | |
| Summary, etc. | Lloyd M. Perry Collection. |
| 630 00 - SUBJECT ADDED ENTRY--UNIFORM TITLE | |
| Uniform title | Bible. |
| Version | Textbooks. |
| 650 #0 - SUBJECT ADDED ENTRY--TOPICAL TERM | |
| Topical term or geographic name entry element | Christian life |
| Chronological subdivision | 1960- |
| General subdivision | Study and teaching. |
| 942 ## - ADDED ENTRY ELEMENTS (KOHA) | |
| Source of classification or shelving scheme | Dewey Decimal Classification |
| Koha item type | Books |
| Withdrawn status | Lost status | Source of classification or shelving scheme | Damaged status | Not for loan | Home library | Current Library | Shelving location | Date acquired | Total checkouts | Full call number | Barcode | Date last seen | Copy number | Price effective from | Koha item type |
|---|---|---|---|---|---|---|---|---|---|---|---|---|---|---|---|
| Dewey Decimal Classification | GRACE BIBLE COLLEGE | GRACE BIBLE COLLEGE | Ministry & Mission | 2016-11-08 | 248.4 COL | 009488 | 2025-05-01 | c.1 | 2016-11-08 | Books |